| 000 | 00635nam a22001937a 4500 | ||
|---|---|---|---|
| 999 |
_c181092 _d181092 |
||
| 005 | 20210831122054.0 | ||
| 010 | _aUR-11215 | ||
| 020 |
_c171.00 _a9789390533947 |
||
| 035 | _aU-9770 | ||
| 037 | _bDBAD/PUB | ||
| 082 | _a841 | ||
| 100 | _aخو ر شيد عا لم خا ن | ||
| 245 |
_aشفق ز ا ر _cخو ر شيد عا لم خا ن |
||
| 246 |
_aShafaqzar (Urdu) _bby Khursheed Aalam Khan |
||
| 260 |
_aDelhi _c2020 ء _bEducational Publishing House |
||
| 270 |
_a3191,Vakil Street, Kucha Pandit Lal Kuan, _b Delhi _e110006 _l23216162 |
||
| 300 |
_a280 ص _c22 Cm(Hb) |
||
| 942 |
_2ddc _cUR _h841 _mخ و ر |
||